Normal view
MARC view
- Wolf, Paul R.
Entry Personal Name
001 - CONTROL NUMBER
- control field: 19394
003 - CONTROL NUMBER IDENTIFIER
- control field: NUST
005 - DATE AND TIME OF LATEST TRANSACTION
- control field: 20190821083129.0
008 - FIXED-LENGTH DATA ELEMENTS
- fixed length control field: 190821|| aca||aabn | a|a d
040 ## - CATALOGING SOURCE
- Original cataloging agency: NUST
- Transcribing agency: NUST
100 ## - HEADING--PERSONAL NAME
- Personal name: Wolf, Paul R.
670 ## - SOURCE DATA FOUND
- Source citation: Work cat.: (NUST)0: Ghilani, Charles D. 19392, Elementary surveying :, c2012.
